000 00478nam a22001697a 4500
003 NUST - PNEC
005 20170116181137.0
008 151007b xxu||||| |||| 00| 0 eng d
020 _a0750650923
040 _cLIBRARY
082 _a629.2293 HOD
100 _914367
_a Hodkinson, Ron
245 _aLightweight electric/hybrid vehicle design
_c Hodkinson, Ron
260 _c2001
650 _914368
_aHybrid electric vehicles--Design and construction
_xME
942 _2ddc
_cBK
999 _c70283
_d70283